Namus adına şiddet (Record no. 10163)

MARC details
000 -BAŞLIK
Sabit Uzunlukta Kontrol Alanı 01089na a2200349 4500
001 - KONTROL NUMARASI
Denetim Alanı 14583
003 - KONTROL NUMARASI IDENTIFIER
Denetim Alanı MIRAKIL
005 - SON İŞLEM TARİHİ VE ZAMANI
Denetim Alanı 20181213155309.0
008 - SABİT-BOY VERİ ELEMANLARI - GENEL BİLGİLER
Sabit Uzunlukta Kontrol Alanı 161101b tu 000 0
020 ## - ULUSLARARASI STANDART KİTAP NUMARASI
Uluslararası Standart Kitap Numarası 9756176644
035 ## - SİSTEM KONTROL NUMARASI
Sistem Kontrol Numarası 14583
040 ## - KATALOGLAMA KAYNAK
Orijinal Kataloglama Ajansı Milas
Kataloglama Dili tur
Metne Dönüştürmek Ajansı TR-AnCHP
041 ## - DİL KODU
Metin / Ses Parça Veya Ayrı Başlığın Dil Kodu tur
082 ## - DEWEY ONLU SINIFLANDIRMA NUMARASI
Sınıflandırma Numarası 305.4
Ürün Numarası N25 2006
090 ## - SINIFLAMA NUMARASI
Sınıflama Numarası 305.4 N25 2006
245 ## - BAŞLIK TABLOSU
Başlık Namus adına şiddet
Başlığın Kalan kuramsal ve siyasal yaklaşımlar
Sorumluluk Tablosu, Vb derleyenler Shahrzad Mojab , Nahla Abdo ; çeviren Güneş Kömürcüler
260 ## - YAYIN, DAĞITIM, VB
Yayın, Dağıtım, Vb Yeri İstanbul
Yayıncı, Dağıtıcı, Vs Adı İstanbul Bilgi Üniversitesi Yayınları
Yayın, Dağıtım, Vb Tarihi 2006
300 ## - FİZİKSEL TANIM
Kapsam 266 s.
Boyutlar 23 sm.
490 ## - SERİSİ TABLOSU
Seri Beyanı Sosyoloji
Hacim / Ardışık Tanımı 5
490 ## - SERİSİ TABLOSU
Seri Beyanı İstanbul Bilgi Üniversitesi yayınları
Hacim / Ardışık Tanımı 144
504 ## - KAYNAKÇA VB NOT
Kaynakça Vb Notu Kaynakça ve dizin var.
650 ## - KONU KATMA GİRİŞ - TOPİKAL DÖNEM
Topikal Süreli Veya Coğrafi Ad Giriş Elemanı Aile içi şiddet
650 ## - KONU KATMA GİRİŞ - TOPİKAL DÖNEM
Topikal Süreli Veya Coğrafi Ad Giriş Elemanı Kadınlar
Genel Alt Bölümü Hak ihlali
650 ## - KONU KATMA GİRİŞ - TOPİKAL DÖNEM
Topikal Süreli Veya Coğrafi Ad Giriş Elemanı Namus cinayetleri
650 ## - KONU KATMA GİRİŞ - TOPİKAL DÖNEM
Topikal Süreli Veya Coğrafi Ad Giriş Elemanı Töre cinayetleri
Coğrafi Alt Bölümü İsveç
650 ## - KONU KATMA GİRİŞ - TOPİKAL DÖNEM
Topikal Süreli Veya Coğrafi Ad Giriş Elemanı Töre cinayetleri
Coğrafi Alt Bölümü İsrail
650 ## - KONU KATMA GİRİŞ - TOPİKAL DÖNEM
Topikal Süreli Veya Coğrafi Ad Giriş Elemanı Töre cinayetleri
Coğrafi Alt Bölümü Türkiye
700 ## - KATMA GİRİŞ - KİŞİSEL İSİM
Kişisel Ad Kömürcüler, Güneş
700 ## - KATMA GİRİŞ - KİŞİSEL İSİM
Kişisel Ad Abdo, Nahla
700 ## - KATMA GİRİŞ - KİŞİSEL İSİM
Kişisel Ad Mojab, Shahrzad
942 ## - EKLENDİ GİRİŞ ELEMANLARI (KOHA)
Sınıflandırma Veya Raf Düzeni Kaynak Dewey Decimal Classification
Koha Öğesi Türü Books
999 ## - SİSTEM KONTROL NUMARALARI (KOHA)
Koha Biblionumber 10163
Koha Biblioitemnumber 10163
Holdings
Kalıcı Konum Mevcut Konum Edinme Tarihi Edinim Kaynak Toplam Check-Out'Lar Tam Çağrı Numarası Barkod Tarih Son Görülme İtibaren Geçerli Fiyatlar Koha Öğesi Türü
CHP Kütüphanesi CHP Kütüphanesi 08/29/2016 Bağış   305.4 N25 2006 002711 08/29/2016 08/29/2016 Books